000 00304nam a22001337a 4500
003 SGT
020 _a81-7179-810-1
082 _a616.024
_bA01B
100 _aBHUTANI, MANOOP S.
245 _aADVANCE IN GASTROINTESTINAL ENDOSCOPY
260 _aINDIA
_bJAYPEE
_c2001
300 _a678
942 _2ddc
_cBK
999 _c15152
_d15152